[Event "2BLN 1920 SC Empor Potsdam - FC St. Pau"]
[Site "?"]
[Date "2020.02.09"]
[Round "8.4"]
[White "Tiarks, Jann-Christian"]
[Black "Ertan, Can"]
[Result "1/2-1/2"]
[WhiteElo "2158"]
[BlackElo "2401"]
[PlyCount "112"]
[EventDate "2020.??.??"]

1. e4 e5 2. Nf3 Nc6 3. Nc3 Nf6 4. d4 exd4 5. Nxd4 Bb4 6. Nxc6 bxc6 7. Bd3 d5 8.
exd5 cxd5 9. O-O O-O 10. h3 Be6 11. Qf3 Rb8 12. Nb5 c5 13. a3 Ba5 14. b4 c4 15.
Nxa7 Qd7 16. bxa5 cxd3 17. Be3 d4 18. Nc6 dxe3 19. Nxb8 Rxb8 20. cxd3 exf2+ 21.
Rxf2 Qd4 22. Re1 Qc3 23. Qe3 Qxa5 24. Rxf6 Qxa3 25. Rf2 Rb3 26. Qe5 h6 27. Ra1
Qb4 28. d4 Qb7 29. Ra5 Rd3 30. Rb5 Qc6 31. Rc5 Qd7 32. Rf4 Rd2 33. Qe3 Rd1+ 34.
Kh2 g5 35. Rf2 Qxd4 36. Qxd4 Rxd4 37. Rc7 Kg7 38. Re2 Kg6 39. Rc6 Kf6 40. Rf2+
Kg7 41. Rc7 Re4 42. Re7 Rc4 43. Re2 Kf6 44. Ra7 h5 45. Ra5 Rc3 46. Rae5 Bf5 47.
R5e3 Rc4 48. Rd2 Be6 49. Rf2+ Kg6 50. Rb2 Rd4 51. Rb6 Kf6 52. Rb2 Bd5 53. Rf2+
Kg6 54. Rb2 h4 55. Ree2 Be6 56. Re3 Rd5 1/2-1/2

[Event "2BLN 1920 SC Empor Potsdam - FC St. Pau"]
[Site "?"]
[Date "2020.02.09"]
[Round "8.5"]
[White "Voigt, Martin"]
[Black "Schoene, Ralf"]
[Result "1-0"]
[WhiteElo "2287"]
[BlackElo "2265"]
[PlyCount "59"]
[EventDate "2020.??.??"]

1. e4 e5 2. Nf3 Nc6 3. Bc4 Bc5 4. c3 Nf6 5. d3 a6 6. O-O Ba7 7. Nbd2 d6 8. Bb3
O-O 9. h3 h6 10. Re1 Nh5 11. Nf1 Qf6 12. Ne3 Nf4 13. Ng4 Qg6 14. Bxf4 exf4 15.
d4 Bxg4 16. hxg4 Qxg4 17. Qd3 Nd8 18. e5 Bb8 19. d5 b5 20. Bc2 g6 21. e6 Nb7
22. exf7+ Kxf7 23. Qe2 Kg7 24. Qd2 Ba7 25. Re6 Rf6 26. Rxf6 Kxf6 27. Re1 Rg8
28. Re6+ Kf7 29. Qe2 Bb6 30. Ne5+ 1-0

[Event "2BLN 1920 SC Empor Potsdam - FC St. Pau"]
[Site "?"]
[Date "2020.02.09"]
[Round "8.6"]
[White "Haasler, Andreas"]
[Black "Mueller, Fabian"]
[Result "1/2-1/2"]
[WhiteElo "2231"]
[BlackElo "2335"]
[PlyCount "53"]
[EventDate "2020.??.??"]

1. d4 Nf6 2. Bf4 b6 3. Nc3 Ba6 4. a4 e6 5. Nf3 Bb4 6. Bd2 O-O 7. g3 Bb7 8. Bg2
c5 9. e3 d5 10. Ne5 Nc6 11. Nd3 cxd4 12. Nxb4 Nxb4 13. exd4 Rc8 14. Rc1 Qe7 15.
O-O Rc4 16. Nb5 a6 17. Na3 Rcc8 18. Bg5 h6 19. Bxf6 Qxf6 20. c3 Nc6 21. Nc2 Na5
22. Ne3 Nc4 23. Ng4 Qd8 24. Qe2 Qe8 25. Rb1 Rc7 26. f4 Nd6 27. Qe5 1/2-1/2

[Event "2BLN 1920 SC Empor Potsdam - FC St. Pau"]
[Site "?"]
[Date "2020.02.09"]
[Round "8.7"]
[White "Perez De Miguel, Alvaro"]
[Black "Trenner, Rolf"]
[Result "1-0"]
[WhiteElo "2286"]
[BlackElo "2194"]
[PlyCount "45"]
[EventDate "2020.??.??"]

1. d4 Nf6 2. c4 g6 3. Nc3 d5 4. e3 Bg7 5. cxd5 Nxd5 6. Nxd5 Qxd5 7. Ne2 O-O 8.
Nc3 Qd6 9. Be2 e5 10. d5 f5 11. e4 fxe4 12. O-O c6 13. Bc4 cxd5 14. Nxe4 Qc7
15. Qxd5+ Kh8 16. Nd6 h6 17. Be3 Nc6 18. Rad1 Nd4 19. Bxd4 exd4 20. Rfe1 Bf5
21. h3 Qc6 22. Rxd4 Qb6 23. Rd2 1-0

[Event "2BLN 1920 SC Empor Potsdam - FC St. Pau"]
[Site "?"]
[Date "2020.02.09"]
[Round "8.8"]
[White "Bachmann, Volker"]
[Black "Mitscherling, Andreas"]
[Result "1/2-1/2"]
[WhiteElo "2126"]
[BlackElo "2199"]
[PlyCount "20"]
[EventDate "2020.??.??"]

1. d4 d5 2. c4 dxc4 3. Nf3 a6 4. a4 Nf6 5. e3 e6 6. Bxc4 c5 7. O-O Nc6 8. Nc3
Be7 9. dxc5 Qxd1 10. Rxd1 Bxc5 1/2-1/2

[Event "2BLN 1920 SK König Tegel - SK Zehlendo"]
[Site "?"]
[Date "2020.02.09"]
[Round "8.1"]
[White "Demidov, Mikhail"]
[Black "Stern, Rene"]
[Result "1/2-1/2"]
[WhiteElo "2514"]
[BlackElo "2526"]
[PlyCount "144"]
[EventDate "2020.??.??"]

1. c4 e6 2. Nf3 d5 3. e3 Nf6 4. Nc3 c5 5. d4 a6 6. cxd5 exd5 7. Be2 Nc6 8. O-O
Be6 9. a3 Rc8 10. dxc5 Bxc5 11. b4 Ba7 12. b5 Na5 13. Bb2 Nc4 14. Bxc4 dxc4 15.
bxa6 Qxd1 16. Rfxd1 bxa6 17. Rd6 O-O 18. Rxa6 Bc5 19. Na4 Ne4 20. Bd4 Be7 21.
Nc3 Nc5 22. Bxc5 Bxc5 23. Ne4 Be7 24. Nd4 Bd7 25. Nc3 Ra8 26. Rxa8 Rxa8 27. a4
h6 28. Kf1 Bb4 29. Nde2 Bc6 30. e4 Kf8 31. f3 Ke7 32. Rb1 Bc5 33. Nf4 Bxa4 34.
Rb7+ Bd7 35. Nfd5+ Kd8 36. Ke2 Bd4 37. Rb4 Rc8 38. Kd2 Be6 39. h3 f5 40. Nb5
Be5 41. Nbc3 fxe4 42. fxe4 Rc6 43. Ra4 h5 44. Ra5 h4 45. Nb4 Rd6+ 46. Kc2 Bg3
47. Ncd5 Bf7 48. Ra8+ Kd7 49. Ra7+ Ke8 50. Kc3 Re6 51. Na6 Be1+ 52. Kc2 Kf8 53.
Nc5 Re8 54. Ra4 Rxe4 55. Nd7+ Ke8 56. N7f6+ gxf6 57. Nxf6+ Ke7 58. Nxe4 Bd5 59.
Kd1 Bxe4 60. Ra2 Kd6 61. Kxe1 Ke5 62. Kf2 c3 63. g3 c2 64. Ra1 hxg3+ 65. Kxg3
Kd4 66. Kf4 Bh7 67. Rg1 Kd3 68. h4 Kd2 69. h5 c1=Q 70. Rxc1 Kxc1 71. h6 Bb1 72.
h7 Bxh7 1/2-1/2

[Event "2BLN 1920 SK König Tegel - SK Zehlendo"]
[Site "?"]
[Date "2020.02.09"]
[Round "8.2"]
[White "Rabiega, Robert"]
[Black "Sawlin, Leonid"]
[Result "1-0"]
[WhiteElo "2508"]
[BlackElo "2388"]
[PlyCount "99"]
[EventDate "2020.??.??"]

1. e4 e6 2. d4 d5 3. Nd2 c5 4. Ngf3 Nf6 5. exd5 exd5 6. Bb5+ Bd7 7. Bxd7+ Nbxd7
8. O-O Be7 9. dxc5 Nxc5 10. Nb3 Nce4 11. Nfd4 Nd6 12. Qf3 O-O 13. Nf5 Nxf5 14.
Qxf5 Qc8 15. Qd3 Rd8 16. Bg5 Qc4 17. Rad1 h6 18. Rfe1 Re8 19. Be3 a5 20. Nd4
Qxa2 21. Nf5 Bf8 22. Bd4 Rxe1+ 23. Rxe1 Re8 24. Qd1 Rxe1+ 25. Qxe1 Ne4 26. h3
Qa4 27. c3 Qb5 28. f3 Nd6 29. Nxh6+ gxh6 30. Qe5 f5 31. Qe6+ Kh7 32. Qf6 Qxb2
33. Qh8+ Kg6 34. Qf6+ Kh7 35. Qxf8 Qc1+ 36. Kh2 Qf4+ 37. Kh1 Qc1+ 38. Kh2 Qf4+
39. Kh1 Qc1+ 40. Bg1 Qf4 41. Qe7+ Kg8 42. Be3 Qg3 43. Qe6+ Kh7 44. Qxh6+ Kg8
45. Qe6+ Kh7 46. Bc5 Nc4 47. Qxf5+ Kg7 48. Bd4+ Kh6 49. Qf8+ Kh5 50. Qh8+ 1-0

[Event "2BLN 1920 SK König Tegel - SK Zehlendo"]
[Site "?"]
[Date "2020.02.09"]
[Round "8.3"]
[White "Lagunow, Raphael"]
[Black "Richter, Michael"]
[Result "0-1"]
[WhiteElo "2401"]
[BlackElo "2497"]
[PlyCount "84"]
[EventDate "2020.??.??"]

1. e4 e6 2. d4 d5 3. Nc3 Nf6 4. e5 Nfd7 5. f4 c5 6. Nf3 Nc6 7. Be3 cxd4 8. Nxd4
Bc5 9. Qd2 a6 10. Be2 O-O 11. O-O-O Bxd4 12. Bxd4 b5 13. Bf3 b4 14. Ne2 a5 15.
Be3 Ba6 16. Nd4 Qc7 17. Qf2 a4 18. Nxc6 Qxc6 19. Kb1 Rfc8 20. Rd2 b3 21. cxb3
axb3 22. a3 Bb5 23. Be2 Ra4 24. Bxb5 Qxb5 25. Qf1 Rac4 26. Qd3 Qa4 27. Rhd1 h6
28. Rf2 Rc2 29. Rc1 Rxc1+ 30. Bxc1 Nc5 31. Qe2 Ne4 32. Rf3 Rc2 33. Qd1 Qc4 34.
f5 exf5 35. Rxf5 Rxg2 36. Rf3 Qc2+ 37. Qxc2 bxc2+ 38. Ka2 Rg1 39. Be3 d4 40.
Bf4 g5 41. Kb3 c1=Q 42. Bxc1 Rxc1 0-1

[Event "2BLN 1920 SK König Tegel - SK Zehlendo"]
[Site "?"]
[Date "2020.02.09"]
[Round "8.4"]
[White "Moreno Tejera, Emilio"]
[Black "Malek, Daniel"]
[Result "1/2-1/2"]
[WhiteElo "2448"]
[BlackElo "2344"]
[PlyCount "57"]
[EventDate "2020.??.??"]

1. e4 e5 2. Bc4 Nf6 3. d3 c6 4. Nf3 d5 5. Bb3 a5 6. a4 Bb4+ 7. Bd2 dxe4 8. Nxe5
O-O 9. O-O Qe7 10. d4 Be6 11. c3 Bd6 12. Nc4 Nbd7 13. Nba3 Bc7 14. Bg5 h6 15.
Bh4 Rfe8 16. Ne3 Bxb3 17. Qxb3 Qe6 18. Qxe6 Rxe6 19. Bg3 Bxg3 20. hxg3 Nb6 21.
Nac2 Nbd5 22. Rfe1 Nxe3 23. Nxe3 Nd5 24. Re2 Nxe3 25. Rxe3 f5 26. f3 Rae8 27.
Rae1 Kf7 28. fxe4 fxe4 29. g4 1/2-1/2

[Event "2BLN 1920 SK König Tegel - SK Zehlendo"]
[Site "?"]
[Date "2020.02.09"]
[Round "8.5"]
[White "Stachowiak, Kamil"]
[Black "Muse, Mladen"]
[Result "1-0"]
[WhiteElo "2448"]
[BlackElo "2393"]
[PlyCount "71"]
[EventDate "2020.??.??"]

1. d4 Nf6 2. Nf3 b6 3. g3 Bb7 4. Bg2 c5 5. c4 cxd4 6. Qxd4 g6 7. O-O Bg7 8. Nc3
Nc6 9. Qh4 h6 10. Qf4 Qb8 11. Qd2 Na5 12. Qd3 O-O 13. Bd2 Qd8 14. e4 Rc8 15. b3
d6 16. Rac1 Nd7 17. Qe2 Nc6 18. Rfd1 Qc7 19. h4 Qb8 20. h5 g5 21. Be3 Rcd8 22.
Nd4 Nxd4 23. Bxd4 Bxd4 24. Rxd4 Nf6 25. Rcd1 Rc8 26. Bh3 Rc5 27. Nd5 Bxd5 28.
exd5 Re8 29. a4 Kg7 30. R1d3 a6 31. Re3 b5 32. Rxe7 bxc4 33. bxc4 Qb1+ 34. Kg2
Rxe7 35. Qxe7 Qb2 36. Be6 1-0

[Event "2BLN 1920 SK König Tegel - SK Zehlendo"]
[Site "?"]
[Date "2020.02.09"]
[Round "8.6"]
[White "Bruedigam, Martin"]
[Black "Brodowski, Piotr"]
[Result "1/2-1/2"]
[WhiteElo "2385"]
[BlackElo "2447"]
[PlyCount "96"]
[EventDate "2020.??.??"]

1. e4 c5 2. Nf3 Nc6 3. Bb5 g6 4. Bxc6 dxc6 5. d3 Bg7 6. h3 Nf6 7. Nc3 Nd7 8.
Be3 e5 9. a3 Qe7 10. Qd2 h6 11. Nh2 Nf8 12. b4 Ne6 13. Na4 b6 14. O-O Nd4 15.
Rab1 Bd7 16. Rfe1 cxb4 17. axb4 Rd8 18. Nc3 O-O 19. Rb2 Kh7 20. Ra1 Be6 21. Ne2
f5 22. f3 g5 23. Bxd4 exd4 24. exf5 Bxf5 25. Ng3 Bg6 26. Ng4 h5 27. Nf2 Be5 28.
Re1 Rfe8 29. Rbb1 Qc7 30. Nf1 Bf4 31. Qd1 Bf5 32. Rxe8 Rxe8 33. Ne4 Kg6 34. Qe1
Bxe4 35. fxe4 Rf8 36. g3 Be5 37. Kg2 h4 38. Ra1 g4 39. Qe2 gxh3+ 40. Kxh3 Qd7+
41. Kg2 hxg3 42. Nxg3 Bxg3 43. Kxg3 Qc7+ 44. Kg2 Qf4 45. Kg1 Rf7 46. Qg2+ Kh6
47. Qh3+ Kg7 48. Kh1 Qh6 1/2-1/2

[Event "2BLN 1920 SK König Tegel - SK Zehlendo"]
[Site "?"]
[Date "2020.02.09"]
[Round "8.7"]
[White "Luch, Michal"]
[Black "Fruebing, Stefan"]
[Result "1-0"]
[WhiteElo "2404"]
[BlackElo "2411"]
[PlyCount "73"]
[EventDate "2020.??.??"]

1. d4 d5 2. c4 c6 3. Nf3 Nf6 4. Qc2 dxc4 5. Qxc4 Bg4 6. Nbd2 Nbd7 7. g3 e6 8.
Bg2 Be7 9. O-O O-O 10. h3 Bh5 11. Qb3 Qb6 12. Nc4 Qa6 13. Bd2 Rac8 14. Rac1 c5
15. g4 Bg6 16. Nfe5 b5 17. Qa3 Qxa3 18. Nxa3 b4 19. Nxd7 Nxd7 20. Nb5 cxd4 21.
Nxa7 Rxc1 22. Rxc1 Bc5 23. Nc6 b3 24. axb3 f6 25. b4 Bb6 26. Ne7+ Kf7 27. Nc8
Rd8 28. Bb7 d3 29. e3 Kf8 30. f3 Be8 31. Kf2 e5 32. Be4 Bg6 33. Bb7 Bf7 34. Rc3
Be6 35. Be4 h6 36. Rc6 Nc5 37. bxc5 1-0

[Event "2BLN 1920 SV Werder Bremen II - SF Berl"]
[Site "?"]
[Date "2020.02.09"]
[Round "8.1"]
[White "Jakubowski, Krzysztof"]
[Black "Pruijssers, Roeland"]
[Result "0-1"]
[WhiteElo "2478"]
[BlackElo "2564"]
[PlyCount "90"]
[EventDate "2020.??.??"]

1. d4 Nf6 2. c4 e6 3. Nf3 d5 4. Nc3 dxc4 5. e3 a6 6. Bxc4 b5 7. Bd3 Bb7 8. O-O
c5 9. Qe2 Nbd7 10. Rd1 cxd4 11. Nxd4 Bd6 12. e4 Qb8 13. g3 O-O 14. a3 Rd8 15.
Bc2 h6 16. Be3 Ne5 17. Bf4 g5 18. Bc1 Qc7 19. Nb3 Nc4 20. Bd3 Be5 21. a4 b4 22.
Na2 a5 23. Bxg5 Rxd3 24. Rxd3 hxg5 25. Rc1 Nxe4 26. Nxa5 Qxa5 27. Rxc4 Qxa4 28.
Nxb4 Qb5 29. Ra3 Rd8 30. Ra1 Nd2 31. Rd1 Nf3+ 32. Qxf3 Bxf3 33. Rxd8+ Kg7 34.
b3 Qa5 35. Rdc8 Bd6 36. Nc2 Bb7 37. Ne3 Qe1+ 38. Nf1 Qd1 39. R8c6 Qf3 40. Rc3
Qd5 41. Ne3 Qe4 42. f3 Qb1+ 43. Rc1 Qd3 44. R6c3 Qd4 45. Kf1 Bb4 0-1

[Event "2BLN 1920 SV Werder Bremen II - SF Berl"]
[Site "?"]
[Date "2020.02.09"]
[Round "8.2"]
[White "Grigorian, Spartak"]
[Black "Ahmadinia, Ebrahim"]
[Result "1/2-1/2"]
[WhiteElo "2403"]
[BlackElo "2458"]
[PlyCount "77"]
[EventDate "2020.??.??"]

1. d4 d5 2. c4 c6 3. cxd5 cxd5 4. Nc3 Nf6 5. Bf4 Nc6 6. e3 a6 7. Rc1 Bg4 8. Nf3
e6 9. Qb3 Bxf3 10. gxf3 Ra7 11. Be2 Bd6 12. Bg3 O-O 13. O-O Na5 14. Qc2 Ra8 15.
Na4 Bxg3 16. hxg3 Rc8 17. Qd3 Nc4 18. b3 Nd6 19. Qd2 Qe7 20. Nb6 Rc7 21. a4 Nc8
22. Na8 Rd7 23. a5 e5 24. Rxc8 Rxc8 25. Nb6 Rdc7 26. Nxc8 Rxc8 27. dxe5 Qxe5
28. Rd1 h5 29. Qb4 Qb2 30. Qxb7 Rc3 31. Qxa6 Rxb3 32. Bd3 Qa3 33. Qc8+ Qf8 34.
Qxf8+ Kxf8 35. Ra1 Rxd3 36. a6 Nd7 37. a7 Nb6 38. Rb1 Ra3 39. Rxb6 1/2-1/2

[Event "2BLN 1920 SV Werder Bremen II - SF Berl"]
[Site "?"]
[Date "2020.02.09"]
[Round "8.3"]
[White "Schmidek, Emil"]
[Black "Reuker, Jari"]
[Result "0-1"]
[WhiteElo "2409"]
[BlackElo "2385"]
[PlyCount "60"]
[EventDate "2020.??.??"]

1. e4 e5 2. Nf3 Nc6 3. Bb5 Nf6 4. d3 Bc5 5. c3 O-O 6. O-O d6 7. Bg5 h6 8. Bh4
Bb6 9. Re1 g5 10. Bg3 Bg4 11. h3 Bh5 12. Bxc6 bxc6 13. Nbd2 Rb8 14. Qa4 Qd7 15.
Qa6 Kh7 16. a4 Bxf3 17. Nxf3 Nh5 18. Kh2 g4 19. Nh4 gxh3 20. Nf5 hxg2 21. Kxg2
Rg8 22. Rh1 Rg5 23. Rae1 Nf4+ 24. Kf3 Rxf5 25. exf5 Qxf5 26. Qc4 d5 27. Rxh6+
Kxh6 28. Qxc6+ Kg7 29. d4 Qe4+ 30. Kg4 f5+ 0-1

[Event "2BLN 1920 SV Werder Bremen II - SF Berl"]
[Site "?"]
[Date "2020.02.09"]
[Round "8.4"]
[White "Zumsande, Martin"]
[Black "Polzin, Rainer"]
[Result "0-1"]
[WhiteElo "2463"]
[BlackElo "2411"]
[PlyCount "123"]
[EventDate "2020.??.??"]

1. e4 c5 2. c3 e6 3. d4 d5 4. e5 Nc6 5. Nf3 Qb6 6. Be2 Nh6 7. Na3 cxd4 8. cxd4
Bxa3 9. bxa3 Nf5 10. Be3 Nxe3 11. fxe3 Qa5+ 12. Qd2 Bd7 13. O-O Qxd2 14. Nxd2
Ke7 15. Nb3 b6 16. Bd3 a5 17. Rab1 Rhc8 18. Nd2 Nd8 19. Rxb6 Rc3 20. Rb3 Rac8
21. Nb1 R3c7 22. Kf2 f5 23. Ke2 Ba4 24. Rb6 Bc2 25. Rb2 Nf7 26. h4 Nh6 27. Kd2
Bxd3 28. Kxd3 Ng4 29. Rd1 Kf7 30. Ke2 Rc6 31. h5 R8c7 32. Rd3 Rc1 33. Rdb3 g6
34. hxg6+ Kxg6 35. Rb7 R7c6 36. R7b6 Kg5 37. Rxc6 Rxc6 38. Nd2 Kh4 39. Nf3+ Kg3
40. Ng5 h6 41. Nh3 Kxg2 42. Nf4+ Kg3 43. Nh5+ Kh4 44. Nf4 Rc3 45. Rb3 Rc2+ 46.
Kd1 Rc6 47. Ke2 a4 48. Rb4 Rc3 49. Rxa4 Rxe3+ 50. Kd2 Re4 51. Nxe6 Nxe5 52. Nc5
Nf3+ 53. Kd3 Re7 54. Ra6 h5 55. a4 Kg3 56. Rg6+ Kf2 57. Re6 Rh7 58. Kc3 h4 59.
Nd3+ Kf1 60. Re3 Rc7+ 61. Kb4 Nxd4 62. Nc5 0-1

[Event "2BLN 1920 SV Werder Bremen II - SF Berl"]
[Site "?"]
[Date "2020.02.09"]
[Round "8.5"]
[White "Ahlander, Bjorn"]
[Black "Joachim, Sven"]
[Result "1/2-1/2"]
[WhiteElo "2417"]
[BlackElo "2390"]
[PlyCount "93"]
[EventDate "2020.??.??"]

1. d4 Nf6 2. c4 g6 3. Nc3 Bg7 4. e4 d6 5. Nf3 O-O 6. Be2 e5 7. O-O Nbd7 8. Be3
c6 9. d5 c5 10. Ne1 Kh8 11. Nd3 Ng8 12. Rb1 b6 13. Qd2 Qe7 14. f4 exf4 15. Bxf4
Ne5 16. Nxe5 Bxe5 17. Bxe5+ Qxe5 18. Rf4 Kg7 19. Rbf1 Bd7 20. Kh1 Rae8 21. Bd3
f6 22. h3 Nh6 23. Qf2 Qe7 24. Rf3 Nf7 25. Rxf6 Ne5 26. Rxf8 Rxf8 27. Qxf8+ Qxf8
28. Rxf8 Kxf8 29. Be2 Ke7 30. Kg1 Kf6 31. Kf2 Be8 32. b3 Bd7 33. Ke3 Kg5 34.
Bf1 h5 35. Kf2 h4 36. Ke3 Kf6 37. Be2 Kg5 38. Nd1 Kf6 39. Nf2 Bc8 40. Kf4 Bd7
41. Ke3 Bc8 42. Nd1 Kg5 43. Nc3 Bd7 44. Bf1 Be8 45. a3 a5 46. Be2 Bd7 47. Bf1
1/2-1/2

[Event "2BLN 1920 SV Werder Bremen II - SF Berl"]
[Site "?"]
[Date "2020.02.09"]
[Round "8.6"]
[White "Richter, Christian"]
[Black "Florstedt, Johannes"]
[Result "1-0"]
[WhiteElo "2350"]
[BlackElo "2376"]
[PlyCount "73"]
[EventDate "2020.??.??"]

1. d4 Nf6 2. g3 g6 3. Bg2 d5 4. c4 dxc4 5. Na3 c5 6. dxc5 Qxd1+ 7. Kxd1 Nfd7 8.
Be3 Bg7 9. Nxc4 Na6 10. c6 bxc6 11. Bxc6 Rb8 12. Bxa7 Rb4 13. Rc1 O-O 14. b3
Rd8 15. Ke1 Bb7 16. Na5 Bc8 17. Nf3 Nf6 18. Ne5 Bh6 19. e3 Ng4 20. Nec4 Be6 21.
Ke2 Nb8 22. Bf3 Rb5 23. Bxb8 Rdxb8 24. Nc6 Bxc4+ 25. Rxc4 Ne5 26. Nxb8 Nxc4 27.
Nc6 Ne5 28. Nxe7+ Kf8 29. Nc6 Nxc6 30. Bxc6 Rc5 31. Be4 Ke7 32. Rd1 f5 33. Bd3
g5 34. h3 f4 35. g4 Bg7 36. Bxh7 Ke6 37. exf4 1-0

[Event "2BLN 1920 SV Werder Bremen II - SF Berl"]
[Site "?"]
[Date "2020.02.09"]
[Round "8.7"]
[White "Chatzidakis, Mihail"]
[Black "Charmeteau, Sven"]
[Result "0-1"]
[WhiteElo "2363"]
[BlackElo "2347"]
[PlyCount "92"]
[EventDate "2020.??.??"]

1. e4 c5 2. Nf3 Nc6 3. Bb5 e6 4. c3 Nge7 5. d4 cxd4 6. cxd4 d5 7. Nc3 dxe4 8.
Nxe4 Nd5 9. O-O Be7 10. Bxc6+ bxc6 11. Qa4 Bd7 12. Ne5 c5 13. Nxd7 Qxd7 14.
Nxc5 Bxc5 15. Qxd7+ Kxd7 16. dxc5 Rhb8 17. b3 Rb5 18. Be3 Nxe3 19. fxe3 Ke7 20.
Rac1 Rc8 21. c6 Rb6 22. c7 Rb7 23. Rf4 Rbxc7 24. Rxc7+ Rxc7 25. Ra4 f5 26. Ra6
Kf6 27. Kf2 g5 28. h3 h5 29. b4 Ke5 30. Kf3 g4+ 31. Kg3 Rc3 32. Kf2 h4 33. hxg4
fxg4 34. Rxa7 Ke4 35. b5 g3+ 36. Ke2 Rc2+ 37. Kd1 Rxg2 38. b6 Rb2 39. Rh7 Kd3
40. Kc1 Rxb6 41. Rxh4 Kxe3 42. Rg4 Kf3 43. Rg6 Rb4 44. Rxe6 g2 45. Re1 Kf2 46.
Rd1 Re4 0-1

[Event "2BLN 1920 SV Werder Bremen II - SF Berl"]
[Site "?"]
[Date "2020.02.09"]
[Round "8.8"]
[White "Wachinger, Nikolas"]
[Black "Lundin, Jan"]
[Result "1-0"]
[WhiteElo "2284"]
[BlackElo "2342"]
[PlyCount "115"]
[EventDate "2020.??.??"]

1. Nf3 Nf6 2. g3 d5 3. Bg2 c6 4. O-O Bg4 5. b3 Nbd7 6. Bb2 e6 7. d3 Be7 8. Nbd2
O-O 9. e4 Qa5 10. e5 Ne8 11. a3 c5 12. h3 Bf5 13. Nh2 Nc7 14. f4 Bg6 15. Qe2
Rae8 16. Qe3 b5 17. a4 b4 18. g4 f5 19. exf6 Bxf6 20. Bxf6 gxf6 21. Qg3 f5 22.
Rae1 Qb6 23. Kh1 Qd6 24. Nhf3 fxg4 25. Ne5 Nxe5 26. fxe5 Qe7 27. Qxg4 Kh8 28.
Nf3 Bf5 29. Qh4 Qg7 30. Kh2 Rg8 31. Rg1 Ref8 32. Bh1 Bg6 33. Rg5 Qf7 34. Reg1
Qf4+ 35. Qxf4 Rxf4 36. R5g4 Rxg4 37. hxg4 Kg7 38. Kg3 Kf7 39. Nh4 Ke7 40. Re1
Na6 41. Rf1 Nb8 42. Rf4 Nd7 43. Nf3 a5 44. Bg2 Rc8 45. Bf1 Nb6 46. Ng5 c4 47.
Rf6 Rc6 48. bxc4 Nxa4 49. cxd5 Rxc2 50. Rxe6+ Kd8 51. d6 Nc5 52. Re7 b3 53. e6
Rb2 54. Nf7+ Bxf7 55. exf7 Ne6 56. Rxe6 Kd7 57. f8=Q Kxe6 58. Qe7+ 1-0

[Event "2BLN 1920 SG Turm Kiel II - SV Glückau"]
[Site "?"]
[Date "2020.02.09"]
[Round "8.1"]
[White "Kanarek, Marcel"]
[Black "Michna, Marta"]
[Result "1-0"]
[WhiteElo "2476"]
[BlackElo "2359"]
[PlyCount "81"]
[EventDate "2020.??.??"]

1. e4 e6 2. d4 d5 3. Nd2 Nf6 4. e5 Nfd7 5. f4 c5 6. c3 Nc6 7. Ndf3 cxd4 8. cxd4
f5 9. Bd3 Be7 10. Ne2 Nb6 11. O-O O-O 12. Kh1 Bd7 13. Rg1 Be8 14. h3 Bg6 15. a3
a5 16. g4 a4 17. Ng3 Na5 18. gxf5 exf5 19. Qc2 Nb3 20. Rb1 Rc8 21. Qg2 Nxc1 22.
Rbxc1 Nc4 23. Nxf5 Rc6 24. Rce1 Kh8 25. e6 Rf6 26. N5h4 Rcxe6 27. Rxe6 Rxe6 28.
Nxg6+ hxg6 29. Qg4 Qb6 30. Bxg6 Rxg6 31. Qxg6 Qxg6 32. Rxg6 Nxb2 33. Rb6 Bxa3
34. Rxb7 Nc4 35. Ra7 Bc1 36. Ng5 g6 37. Rxa4 Nd6 38. Ra5 Nf5 39. Rxd5 Ng3+ 40.
Kg2 Ne2 41. Ne6 1-0

[Event "2BLN 1920 SG Turm Kiel II - SV Glückau"]
[Site "?"]
[Date "2020.02.09"]
[Round "8.2"]
[White "Hoi, Carsten"]
[Black "Leniart, Arkadiusz"]
[Result "1/2-1/2"]
[WhiteElo "2321"]
[BlackElo "2484"]
[PlyCount "54"]
[EventDate "2020.??.??"]

1. d4 Nf6 2. c4 g6 3. Nc3 d5 4. Nf3 Bg7 5. Bg5 Ne4 6. Bh4 Nxc3 7. bxc3 dxc4 8.
e3 Be6 9. Rb1 Nd7 10. Be2 Nb6 11. O-O O-O 12. e4 Qd6 13. h3 f5 14. Ng5 Bd7 15.
e5 Qd5 16. f4 e6 17. Nf3 Na4 18. Qc1 Bc6 19. Rf2 b5 20. Be7 Rfb8 21. h4 Qd7 22.
Bf6 Be4 23. Ra1 Bxf6 24. exf6 Bxf3 25. Bxf3 c6 26. h5 Rf8 27. hxg6 hxg6 1/2-1/2

[Event "2BLN 1920 SG Turm Kiel II - SV Glückau"]
[Site "?"]
[Date "2020.02.09"]
[Round "8.3"]
[White "Sieciechowicz, Marcin"]
[Black "Boe, Mads"]
[Result "1/2-1/2"]
[WhiteElo "2377"]
[BlackElo "2271"]
[PlyCount "55"]
[EventDate "2020.??.??"]

1. d4 f5 2. Bg5 g6 3. Nc3 d5 4. e3 Bg7 5. h4 c6 6. Nh3 h6 7. Bf4 Be6 8. Bxb8
Qxb8 9. g4 Nf6 10. Nf4 Bf7 11. gxf5 gxf5 12. Rg1 Rg8 13. Be2 Qd6 14. Nh5 Nxh5
15. Bxh5 Qf6 16. Qf3 e6 17. Bxf7+ Qxf7 18. O-O-O O-O-O 19. Ne2 Bf6 20. Qf4 h5
21. Rxg8 Rxg8 22. Rg1 Rxg1+ 23. Nxg1 Qc7 24. Qg3 Qxg3 25. fxg3 f4 26. gxf4 Bxh4
27. Kd2 Kd7 28. Ke2 {(=)} 1/2-1/2

[Event "2BLN 1920 SG Turm Kiel II - SV Glückau"]
[Site "?"]
[Date "2020.02.09"]
[Round "8.4"]
[White "Berg, Klaus"]
[Black "Steczek, Marcin"]
[Result "1/2-1/2"]
[WhiteElo "2284"]
[BlackElo "2357"]
[PlyCount "94"]
[EventDate "2020.??.??"]

1. d4 Nf6 2. Bg5 d5 3. e3 e6 4. Nd2 Be7 5. Bd3 h6 6. Bh4 O-O 7. Ngf3 b6 8. Qe2
Bb7 9. O-O Nbd7 10. c4 c5 11. cxd5 Nxd5 12. Bxe7 Qxe7 13. Ba6 Bxa6 14. Qxa6
cxd4 15. Nxd4 Nc5 16. Qa3 Qd7 17. Rac1 e5 18. N4b3 Nd3 19. Rcd1 Qb5 20. Ne4
N5b4 21. Nc1 Nc5 22. Nxc5 bxc5 23. Nd3 e4 24. Nxb4 cxb4 25. Qb3 Rfd8 26. Rd4
Rxd4 27. exd4 Rd8 28. Rd1 Qe2 29. d5 Rc8 30. d6 Rc2 31. Rf1 Rd2 32. h3 a5 33.
Qa4 Rxd6 34. Qe8+ Kh7 35. Qxf7 Rf6 36. Qb3 Kh8 37. a3 Qd2 38. axb4 axb4 39. Qa4
Rf8 40. Qa1 e3 41. fxe3 Qxe3+ 42. Kh1 Rxf1+ 43. Qxf1 Qd4 44. b3 Kg8 45. Qf3 Qc3
46. Qd5+ Kh8 47. Qe6 Qd4 1/2-1/2

[Event "2BLN 1920 SG Turm Kiel II - SV Glückau"]
[Site "?"]
[Date "2020.02.09"]
[Round "8.5"]
[White "Dudzinski, Piotr"]
[Black "Luckow, Rolf"]
[Result "1/2-1/2"]
[WhiteElo "2325"]
[BlackElo "2191"]
[PlyCount "85"]
[EventDate "2020.??.??"]

1. e4 c5 2. Nf3 Nc6 3. c3 d5 4. exd5 Qxd5 5. d4 Bg4 6. Be2 cxd4 7. cxd4 e6 8.
Nc3 Qa5 9. O-O Nf6 10. Ne5 Bxe2 11. Nxe2 Be7 12. Nxc6 bxc6 13. Qc2 Rc8 14. Bd2
Qb6 15. b4 O-O 16. a3 Rfd8 17. Be3 Nd5 18. Nc3 a5 19. Na4 Qb5 20. bxa5 Qxa5 21.
Rfc1 Nxe3 22. fxe3 e5 23. Nc5 Rd5 24. Nb3 Qa7 25. Qe4 Rb5 26. Nd2 exd4 27. exd4
Bf6 28. Nf3 c5 29. Ra2 Rd8 30. Ne5 cxd4 31. Nc6 Qb7 32. a4 Rb3 33. Qe1 Re3 34.
Qb4 Qxb4 35. Nxb4 g6 36. Kf2 Rc3 37. Rxc3 dxc3 38. a5 Rb8 39. Ra4 Be7 40. Nd5
Rb2+ 41. Kf3 c2 42. Nxe7+ Kf8 43. Nxg6+ {(=)} 1/2-1/2

[Event "2BLN 1920 SG Turm Kiel II - SV Glückau"]
[Site "?"]
[Date "2020.02.09"]
[Round "8.6"]
[White "Zeller, Joerg"]
[Black "Janaszak, Dawid"]
[Result "0-1"]
[WhiteElo "2173"]
[BlackElo "2353"]
[PlyCount "90"]
[EventDate "2020.??.??"]

1. e4 e5 2. Nf3 Nc6 3. Bb5 g6 4. c3 a6 5. Ba4 Bg7 6. O-O d6 7. h3 Nge7 8. d4 b5
9. Bc2 O-O 10. dxe5 dxe5 11. Qxd8 Rxd8 12. Be3 a5 13. Nbd2 a4 14. Rfd1 Be6 15.
Ng5 Bd7 16. Bd3 Rab8 17. Nf1 f6 18. Nf3 Kf7 19. Bc5 Be6 20. Ne3 Bh6 21. Nc2 Rd7
22. Be2 Nc8 23. Rxd7+ Bxd7 24. Nfe1 Nd6 25. Bxd6 cxd6 26. Nd3 Rc8 27. Ndb4 Nxb4
28. Nxb4 a3 29. Nd5 axb2 30. Rb1 Bc1 31. Nb6 Rc7 32. Nxd7 Rxd7 33. Bxb5 Rc7 34.
c4 f5 35. f3 Kf6 36. Kf2 Kg5 37. g3 h5 38. h4+ Kf6 39. a4 Ra7 40. Ke2 f4 41. g4
g5 42. hxg5+ Kxg5 43. gxh5 Kxh5 44. Kf2 Kh4 45. Kg2 Rg7+ 0-1